书目信息 |
| 题名: |
司法鉴定
|
|
| 作者: | 邹明理 主编 | |
| 分册: | ||
| 出版信息: | 北京 法律出版社 2000.01 |
|
| 页数: | 499页 | |
| 开本: | 32开 | |
| 丛书名: | ||
| 单 册: | ||
| 中图分类: | D918.4 | |
| 科图分类: | ||
| 主题词: | 法学--部门 | |
| 电子资源: | ||
| ISBN: | 7-5036-2599-6 | |
| 000 | 00532nam0 2200193 45 | |
| 001 | 0010051088 | |
| 005 | 20001005102044.4 | |
| 010 | @a7-5036-2599-6@d26.00元 | |
| 100 | @a20001005d2000 km y0chiy0120 ea | |
| 101 | 0 | @achi |
| 105 | @a z 000yy | |
| 200 | 1 | @a司法鉴定@ASi Fa Jian Ding@f邹明理 主编@FZou Ming Li Zhu Bian |
| 210 | @a北京@c法律出版社@d2000.01 | |
| 215 | @a499页@d32开 | |
| 606 | 0 | @a法学@x部门 |
| 690 | @aD918.4@v3 | |
| 701 | 0 | @a邹明理@4主编 |
| 801 | @aCN@bPftUser@c20001005 | |
| 905 | @b166461-463@dD918.4@eZ454@f3 | |
| 司法鉴定/邹明理 主编.-北京:法律出版社,2000.01 |
| 499页;32开 |
| ISBN 7-5036-2599-6:26.00元 |
| ● |
| 相关链接 |
|
|
|
正题名:司法鉴定
索取号:D918.4/Z454
 
预约/预借
| 序号 | 登录号 | 条形码 | 馆藏地/架位号 | 状态 | 备注 |
| 1 | 166461 | 201664617 | 社科库509/422社科库 28排1列4层/ [索取号:D918.4/Z454] | 在馆 | |
| 2 | 166462 | 201664626 | 社科库509/509社科库 82排7列4层/ [索取号:D918.4/Z454] | 在馆 | |
| 3 | 166463 | 201664635 | 社科库509/509社科库 82排7列4层/ [索取号:D918.4/Z454] | 在馆 |